000 02860nam0a2200469 4500
001 RU\NLR\BIBL_A\012475288
005 20250225143959.0
010 _a978-5-7741-0353-9
_9100
021 _aRU
_bКН-П-20-071172
_9КН-П-20-5350
035 _a(NLR Aleph) 012475288
035 _a(RuMoRGB)010476413
090 _a12100880
_c12100880
100 _a20210315d2018 k y0rusy50 ca
101 0 _arus
_deng
102 _aRU
105 _aa|||z|||000zy
181 0 _ai
_baxxe
182 0 _an
200 1 _aФормирование нелинейной системы высшего образования в макрорегионе
_dThe Formation of non-linear system of higher education in the macro-region
_eмонография
_fГ. Е. Зборовский, П. А. Амбарова, В. С. Каташинских [и др.]
_gпод редакцией Г. Е. Зборовского
_gМинистерство науки и высшего образования Российской Федерации, Уральский федеральный университет им. первого Президента России Б. Н. Ельцина
_zeng
203 _aТекст
_bвизуальный
_cнепосредственный
210 _aЕкатеринбург
_cГуманитарный университет
_d2018
215 _a251 с.
_cил., табл.
_d21
300 _aАвт. также на англ. яз.: G. E. Zborovsky, P. A. Ambarova, V. S. Katashinskikh [et al]
300 _aАвт. указаны на обороте тит.с.
300 _aРез. англ.
320 _aБиблиогр. в подстроч. примеч.
510 1 _6z11790
_aThe Formation of non-linear system of higher education in the macro-region
_zeng
606 1 _aВысшее образование
_xМоделирование
_yРоссийская Федерация
_2nlr_sh2
_3RU\NLR\AUTH\6601686077
606 1 _aВысшее образование
_yУрал
_2nlr_sh2
_3RU\NLR\AUTH\6601686078
686 1 _aЧ484(2Р)в6
686 1 _aЧ484(2Р36)
701 1 _aЗборовский
_bГ. Е.
_f1938-
_gГарольд Ефимович
_3RU\NLR\AUTH\770145428
701 1 _aАмбарова
_bП. А.
_f1975-
_gПолина Анатольевна
_3RU\NLR\AUTH\770196586
701 1 _aКаташинских
_bВ.С.
_gВарвара Сергеевна
712 0 2 _aУральский федеральный университет им. первого Президента России Б. Н. Ельцина
_cЕкатеринбург
_3RU\NLR\AUTH\8810168127
_4570
790 1 _6z11510
_aZborovskij
_bG. E.
_f1938-
_gGarol'd Efimovič
_3RU\NLR\AUTH\770145430
942 _cBOOK
980 _aNBR
980 _aNB